Emerald-Bower/ (Record no. 190291)

MARC details
000 -LEADER
fixed length control field 00397nam a22001697a 4500
005 - DATE AND TIME OF LATEST TRANSACTION
control field 20220721151441.0
010 ## - LCCN (DPL NO)
LC control number ENG-133804
020 ## - INTERNATIONAL STANDARD BOOK NUMBER
Terms of availability 65.00
035 ## - SYSTEM CONTROL NUMBER
System control number EN-117336
037 ## - SOURCE OF ACQUISITION
Source of stock number/acquisition DBAD/PUB
082 ## - DEWEY DECIMAL CLASSIFICATION NUMBER
Classification number 881
100 ## - MAIN ENTRY--PERSONAL NAME
Personal name Das,Durga
245 ## - TITLE STATEMENT
Title Emerald-Bower/
Statement of responsibility, etc by Durga Das
260 ## - PUBLICATION, DISTRIBUTION, ETC. (IMPRINT)
Name of publisher, distributor, etc Bharat Band
Date of publication, distribution, etc 2010
300 ## - PHYSICAL DESCRIPTION
Extent 52p.
Dimensions 22cm(hb)
942 ## - ADDED ENTRY ELEMENTS (KOHA)
Source of classification or shelving scheme Dewey Decimal Classification
Item type English Books
Classification part 881
Call number suffix DAS
Holdings
Withdrawn status Lost status Not for loan Collection code Home library Current library Date acquired Source of acquisition Cost, normal purchase price Full call number Barcode Copy number Cost, replacement price Koha item type
      Non-fiction Bawana Bawana 21/07/2022 DBAD/PUB 65.00 881 DAS EN-117336 1 65.00 English Books

© Delhi Public Library
Hit Counter
free hit counter